000 00485nam a22001697a 4500
999 _c15715
_d15715
003 OSt
082 _a664
_bARD/D
088 _aP 448
100 _aArdra C Babu
_94238
100 _aAthira V S
_94239
100 _aFathima Rasheed
_94240
100 _aVarada Samaraj
_94241
245 _aDevelopment and Performance Evaluation of a Pneumatic potato slicer
260 _aTavanur
_bDepartment of Processing and Food Engineering
_c2019
700 _aPrince M V ( Guide)
_93297
942 _cPR